000 01077nam a2200325 i 4500
001 000004782
003 DO-SdBNP
005 20250917113527.0
007 ta
008 090727s2000 dr 000 f spa d
020 _z9993401234
040 _aDO-SdBNP
_bspa
_cBNPHU
_erda
041 _aspa
082 4 _aRD863.44
_bR457a
_222
100 1 _aReyes, Freddy
_eautor
_4aut.
_910802
245 1 3 _aLa alegría de vivir /
_cFreddy Reyes ; prólogo, Héctor E. Mato M.
250 _aPrimera edición
264 4 _aSanto Domingo, República Dominicana :
_bEditora Búho,
_c©2000.
300 _a150 páginas ;
_c24 cm.
336 _atexto
_btxt
_2rdacontent
337 _asin mediación
_bn
_2rdamedia
338 _avolumen
_bnc
_2rdacarrier
500 _aIncluye datos biográficos del autor en la solapa de la cubierta
590 _aInventariado,2020 /MAA
650 0 _aNovela dominicana
_9223
650 0 _aLiteratura dominicana.
_967
700 1 2 _aMato M., Héctor E.,
_eprologuista
_913898
_4pr.
910 _aValidado. Control de calidad MMOLINA
942 _2ddc
_cLBS1
999 _c4588
_d4588